| 000 | 00806nam a2200265Ia 4500 | ||
|---|---|---|---|
| 003 | OSt | ||
| 005 | 20220925225918.0 | ||
| 006 | a|||||r|||| 00| 0 | ||
| 007 | ta | ||
| 008 | 220923b |||||||| |||| 00| 0 eng d | ||
| 020 | _a0748401407 | ||
| 037 | _cGeneral Book | ||
| 040 |
_aRTL _cRTL _beng |
||
| 041 |
_2eng _aeng |
||
| 082 | _aU : (D6,9B), N4 | ||
| 100 |
_aWorboys Michael _9146699 |
||
| 245 | 0 |
_aInnovations in GIS _b Selected papers from the first national confrence on GIS research UK |
|
| 250 | _a4 | ||
| 260 |
_aLondon _bTaylor & Franceis Ltd 4 john st _c1994 |
||
| 300 |
_axiii,267p. _ccm. |
||
| 500 | _aAppendix P 203-57; Glossary P 247-57 | ||
| 650 | _aFinancial Accounts | ||
| 942 |
_hU : (D6,9B), N4 _cGB _2CC |
||
| 999 |
_c584381 _d584381 |
||